00426nam a2200121Ia 4500008004100000100001800041245008100059245005200140260000900192300003600201440004900237650001800286171207s9999 xx 000 0 und d aAli, Shainna. a Diversity and Dance: Exploring the Therapeutic Implications of World Dance  cShainna Ali, Katelyn Cushey & Alina Siddiqui  c2017 apages 31-47, January-March 2017 aJournal of Creativity in Mental Healthv12:1 aMENTAL HEALTH